Kríza verejných dlhov - nič nového pod slnkom

Z histórie štátnych bankrotov. Vojenské výdavky a štátne bankroty. Dejiny štátnych bankrotov - vybrané krajiny s rokom defaultu a reštrukturalizácie externého dlhu. Štátne bankroty v rozvojových krajinách po druhej svetovej vojne. Nadmerné zadlžovanie krajín Európskej únie. Kríza v eurozóne. Riziká...

Descripción completa

Guardado en:
Detalles Bibliográficos
Autor principal: Gál, Zsolt
Formato: Capítulo de libro
Lenguaje:eslovaco
Materias:
Etiquetas: Agregar Etiqueta
Sin Etiquetas, Sea el primero en etiquetar este registro!

MARC

LEADER 00000naa a2200000 4500
001 0150913
005 20231018094405.3
041 0 |a slo 
044 |a SK 
245 1 0 |a Kríza verejných dlhov - nič nového pod slnkom  |c Zsolt Gál 
520 |a Z histórie štátnych bankrotov. Vojenské výdavky a štátne bankroty. Dejiny štátnych bankrotov - vybrané krajiny s rokom defaultu a reštrukturalizácie externého dlhu. Štátne bankroty v rozvojových krajinách po druhej svetovej vojne. Nadmerné zadlžovanie krajín Európskej únie. Kríza v eurozóne. Riziká porušovania Lisabonskej zmluvy. 
610 2 0 |a dlhy verejné 
610 2 0 |a dlžníci 
610 2 0 |a zadlženosť 
610 2 0 |a bankrot 
610 2 0 |a kríza 
610 2 0 |a eurozóna 
610 2 0 |a história 
610 2 0 |a svet 
610 2 0 |a Európska únia 
100 1 |a Gál, Zsolt